00676nam a2200241 a 4500001001300000003000900013005001700022008004100039020001000080082001300090100002100103245002000124260004700144300000800191500003500199505001000234650002300244700002100267902000800288942000700296952011400303999001700417nice12345678IN_TiNIC20260116013632.0050524s0000 pena grp 000 0 eng  ac10000a230bNEL aNelson, Wesley W aShow Me the Way aPennsylvaniabChristian Lit. Crusadec0000 a48p aincludes index and biblioraphy2 aIndex aChristian-Theology1 aNelson, Wesley W bSRS cBK 001040708StackRoom-aHMIbHMId2007-08-01g100.00l0o230 NELp016188r2007-08-01v100.00w2005-05-24yBK c11741d11741